|
|
|
|
| LEADER |
00000nam a22000007a 4500 |
| 005 |
20200306215829.0 |
| 007 |
cr|||| ||| |
| 008 |
200306s2012 co |||||s|||| 00||0 spa d |
| 020 |
|
|
|a 978-958-9348-54-3
|
| 035 |
|
|
|a 31173
|
| 040 |
|
|
|a vLex
|
| 090 |
|
|
|c 10202
|d 10202
|
| 100 |
1 |
|
|a Casas, Mara̕ Isabel
|
| 245 |
1 |
0 |
|a Imperceptiblemente nos encerraron
|h [Recurso electrn̤ico] :
|b Exclusin̤ del sindicalismo y lg̤icas de la violencia antisindical en Colombia 1979-2010 /
|c Mara̕ Isabel Casas
|
| 256 |
|
|
|a Servicio en ln̕ea
|
| 260 |
|
|
|a Bogot:̀
|b Comisin̤ Colombiana de Juristas,
|c 2012
|
| 300 |
|
|
|a 1 recurso electrn̤ico
|
| 506 |
1 |
|
|a Disponible solo en los productos indicados
|d vLex Global
|d vLex Global (Academic Edition, excluding Law Schools)
|d vLex Global (U.S. Academic Edition, Law Schools)
|d vLex Global (U.S. Academic Edition, excluding Law Schools)
|d vLex Global (Academic Edition, Law Schools)
|
| 650 |
0 |
4 |
|a Derecho Laboral y Seguridad Social
|z Colombia
|
| 650 |
0 |
4 |
|a Derecho Internacional
|z Colombia
|
| 740 |
0 |
|
|a vLex Libros (Servicio en ln̕ea)
|
| 856 |
4 |
0 |
|u http://vlex.com/source/imperceptiblemente-nos-encerraron-exclusion-sindicalismo-logicas-violencia-antisindical-colombia-1979-2010-31173
|z Acceso restringido
|
| 942 |
|
|
|c BOOK
|
| 999 |
0 |
|
|a Labor Law and Social Security
|
| 999 |
0 |
|
|a International Law
|